000 00906nam a2200277 i 4500
003 EG-GICUC
005 20260422111310.0
008 260422s1953 fr |||fr|||| 00| 0 fre d
040 _aEG-GiCUC
_bfre
_cEG-GiCUC
_dEG-GiCUC
_eRda
082 0 4 _221
_a343.164
_b PR
092 0 4 _221
099 _aLaw1 10 343.164 PR 1953
245 0 0 _aLa Probation (Régime De La Mise À L'épreuve) Et Les Mesures Analogues.
264 3 _aFrance :
_bImprimerie Administrative,
_c1953.
300 _aV - Xviii 450 page;
_c 24 cm.
336 _2rda contenu
_a texte
337 _2rda medias
_aOrdinateur
338 _2 transporteur rda
_a Ressource en ligne
504 _aBibliography: pages 423 - 437
650 _aMesures De Précaution
_2qrmak
650 _aDroit De Pénal
_2qrmak
651 1 _2qrmak
856 4 0 _uhttps://fll.law.cu.edu.eg/fulltext/bks/B10-10351.pdf
905 _a54
942 _2ddc
_cBK
_e21
_n0
999 _c72802
_d72802